| 000 | 00455nam a2200193Ia 4500 | ||
|---|---|---|---|
| 003 | OSt | ||
| 005 | 20250915105803.0 | ||
| 008 | 250729s2004 xx 000 0 und d | ||
| 020 | _a9788176485203 | ||
| 040 | _cAL | ||
| 041 | _aeng | ||
| 082 | _a540.7 MITT | ||
| 100 |
_aMittal Arun _9222532 |
||
| 245 | _aTeaching of chemistry | ||
| 260 |
_aNew Delhi _bA P H Publishing _c2004 |
||
| 300 | _a298p | ||
| 650 |
_aChemistry _9222533 |
||
| 942 |
_2ddc _cBED |
||
| 999 |
_c235507 _d235507 |
||